000
00217 a2200097 4500
001
25943
100
_a
ASM
245
_a
Hot corrosion problem associated with gas turbine
260
_a
_b
ASM
_c
090
_c
17546
_d
17546
942
_a
NUST-CAE
_c
M
_c
8387
999
_c
261016
_d
261016